000 00430nam a2200157Ia 4500
003 SGT
020 _a8180450317
082 _a530
_bTAN
100 _aTeneja,S.P.
245 _aModern physics for engineers
260 _bR. Chand & co
_aNew Delhi
_c2004
300 _a283p.
650 _aENGINEERING PHYSICS
653 _aINTERFERENCE OF LIGHT,DIFFRACTION OF LIGHT,POLARIZATION OF LIGHT,FIBER OPTICS,LASER,
942 _2ddc
_cBK
_064
999 _c4941
_d4941